Trouve les films d'Hitchcock - Statistiques

Statistiques générales
  • Ce quiz a été pris 105 fois
  • Le résultat moyen est 7 sur 19
Statistiques - réponses
indication réponse % Correct
film de 1960 psychose
81%
dernier film avec Cary Grant la mort aux trousses
66%
film qui a eu un remake en 1955 l'homme qui en savait trop
61%
premier film avec James Stewart la corde
59%
film où le travelling compensé a été inventé sueurs froides
58%
L'un des personnages s'appelle Bruno Anthony l'inconnu du nord express
54%
film réalisé en 3D le crime était presque parfait
46%
premier film américain rebecca
46%
le personnage principal a peur du rouge pas de printemps pour marnie
45%
film où Ingrid Bergman se marie à Claude Rains les enchainés
40%
Le personnage principal est un prêtre la loi du silence
34%
dernier film complot de famille
33%
les trois quarts de l'action se passe dans un train une femme disparait
27%
film qui se termine dans la statue de la liberté cinquième colonne
21%
premier film avec le compositeur Bernard Herrmann mais qui a tué harry
21%
dernier film anglais la taverne de la Jamaique
18%
le film débute par un sabotage agent secret
15%
le méchant à un tic a l'oeil jeune et innocent
13%
dernier film avec Selznick en producteur le procès paradine
12%
Aucun quiz correspondant
Distribution des résultats
% des personnes avec chaque résultat
Percentile par nombre de réponses
Votre historique - résultats
Vous n’avez pas pris ce quiz